| 000 | 00986nam a22003257a 4500 | ||
|---|---|---|---|
| 003 | CHAP | ||
| 005 | 20220817040819.0 | ||
| 008 | 971013s1988 r 00010 d | ||
| 010 | _a754 | ||
| 011 | _a1726 | ||
| 035 | _a902 | ||
| 040 | _cCHAP | ||
| 082 |
_a631.523 _bE8 |
||
| 100 | 0 | 0 | _aEtienne - Decant, J. |
| 245 |
_aGenetic biochemistry _b: from gene to protein |
||
| 260 |
_aNew York : _bEllis Horwood Limited, _c1988 |
||
| 300 |
_a233 p. _b: ilus. |
||
| 500 | _a37-228 | ||
| 590 |
_aBATCH-UPD _b10 _c20130110 _lUCH01 _h0010 |
||
| 590 |
_aBATCH-UPD _b10 _c20130110 _lUCH01 _h1816 |
||
| 590 |
_aBATCH-UPD _b10 _c20130410 _lUCH01 _h1150 |
||
| 590 |
_aBATCH-UPD _b10 _c20130914 _lUCH01 _h1330 |
||
| 590 |
_aCONVERSION _b10 _c20130109 _lUCH01 _h1302 |
||
| 650 | 1 | 4 |
_aGenética. _947469 |
| 650 | 1 | 4 |
_aIngeniería genética. _958228 |
| 700 | 0 |
_aMillot, F. _975844 |
|
| 901 | _aBK | ||
| 942 | _cLIBRO | ||
| 949 |
_a631.523 E8 _bBC _cLIBRO _d33724000090940 _eLIBRO _gI. 151280 _h77821 _i902 _si _t172.85 |
||
| 999 |
_c754 _d754 |
||